|
|
|
|
| LEADER |
00000nab a2200000 a 4500 |
| 001 |
vtls000932700 |
| 003 |
SK-MaSNL |
| 005 |
20260303034423.0 |
| 008 |
040720e20040401xo 0 slo |
| 035 |
|
|
|a KE41577
|
| 040 |
|
|
|a KEVKJB
|b slo
|c KEVKJB
|e AACR2
|
| 041 |
0 |
|
|a slo
|
| 044 |
|
|
|a xo
|c SK
|
| 080 |
|
|
|a 362.61
|2 1981
|
| 245 |
0 |
0 |
|a Geriatrický ústav sv. Lukáša dostane Arcidiecézna charita v Košiciach
|
| 610 |
2 |
7 |
|a Vysokošpecializovaný odborný ústav geriatrický sv. Lukáša (Košice, Slovensko)
|2 KEVKJB
|9 82460
|
| 610 |
2 |
7 |
|a Arcidiecézna charita (Košice, Slovensko)
|2 KEVKJB
|9 878755
|
| 650 |
0 |
7 |
|a geriatria
|2 KEVKJB
|9 903
|
| 651 |
|
7 |
|a Košice (Slovensko)
|2 KEVKJB
|9 18694
|
| 651 |
|
7 |
|a KE,
|2 KEVKJB
|9 877256
|
| 655 |
|
7 |
|a periodikum
|2 snkbucl
|9 29553
|
| 710 |
2 |
|
|a Vysokošpecializovaný odborný ústav geriatrický sv. Lukáša (Košice, Slovensko)
|4 aut
|9 82460
|
| 710 |
2 |
|
|a Arcidiecézna charita (Košice, Slovensko)
|4 aut
|9 878755
|
| 773 |
0 |
8 |
|t Košický denník Korzár
|g Roč. 7, č.77, 1.4.2004, s. 2
|x 1335-4566
|
| 852 |
|
|
|a ZVYKNI
|b KIS3GCP
|
| 999 |
|
|
|c 1673449
|d 1675379
|